Working in the Middle East

Bibliographic Details
Main Author: Binalimy
Format: Book
Published: s.l. : True Wealth Sdn Bhd , 2009
Series:True Wealth handbook
Subjects:

MARC

LEADER 00000cam a2200000 7i4500
001 0000156035
005 20120217.0
020 |a 9789675428005 
090 0 0 |a 331.700956   |b BIN 
100 0 |a Binalimy 
245 1 0 |a Working in the Middle East   |c Binalimy 
260 |a s.l. :   |b True Wealth Sdn Bhd ,   |c 2009 
300 |a 54p. ;   |c 21cm. 
490 0 |a True Wealth handbook 
650 0 0 |a Career development   |z Middle East 
650 0 0 |a Occupations   |z Middle East 
650 0 0 |a Professions   |z Middle East 
999 |a 00257546   |b BUKU   |c PINJAMAN   |e PERPUSTAKAAN KOMUNITI PETALING JAYA